00353nam a2200133Ia 4500008004100000041000800041082001400049100003000063245003900093250001400132260003800146300002400184365001100208240624s9999 xx 000 0 und d aeng a651.7 FIT aFITZGERALD SUZANNE SPARKS aMANAGERS GUIDE TO BUSINESS WRITING a(2nd ed.) c2012aNew DelhibTata McGraw-Hill a176 : p. : cm. ; 28 cRSb33